[Event "British Columbia-ch U20"]
[Site "Vancouver"]
[Date "2018.11.10"]
[Round "2.8"]
[White "Yang, Ryan"]
[Black "Zhang, Andy"]
[Result "0-1"]
[WhiteElo "1627"]
[BlackElo "1438"]
[PlyCount "108"]
[EventDate "2018.11.10"]
[EventType "swiss"]
[EventRounds "5"]
[EventCountry "CAN"]
[SourceTitle "EXT 2022"]
[Source "ChessBase"]
[SourceDate "2021.10.06"]
[SourceVersion "1"]
[SourceVersionDate "2021.10.06"]
[SourceQuality "1"]

1. e4 c5 2. Nf3 d6 3. Nc3 Nf6 4. Be2 a6 5. 0-0 e6 6. Re1 Be7 7. d4 cxd4 8. Nxd4 b5 9. Bf3 Bb7 10. e5 Bxf3 11. Qxf3 dxe5 12. Qxa8 exd4 13. Ne4 Nxe4 14. Qxe4 Bf6 15. Bf4 0-0 16. Rad1 Nd7 17. Qc6 Qc8 18. Qxc8 Rxc8 19. c3 Rc4 20. cxd4 Bxd4 21. Re4 Bxf2+ 22. Kxf2 Rxe4 23. Rxd7 Rxf4+ 24. Ke3 g5 25. Ra7 Ra4 26. a3 b4 27. axb4 Rxb4 28. Rxa6 Rxb2 29. Kf3 Kg7 30. h3 Rb4 31. Ra5 Kg6 32. Ra8 Rb3+ 33. Kf2 h5 34. Rg8+ Kf6 35. Rh8 h4 36. Ra8 Rb4 37. Ra3 Kf5 38. Kg1 e5 39. Rf3+ Rf4 40. Re3 Rd4 41. Rf3+ Ke6 42. Kh2 f5 43. Ra3 e4 44. Ra6+ Ke5 45. Ra5+ Kf4 46. Kg1 e3 47. Kf1 Rd1+ 48. Ke2 Rd2+ 49. Kf1 Rf2+ 50. Kg1 Kg3 51. Re5 Rxg2+ 52. Kh1 Re2 53. Rxf5 Re1+ 54. Rf1 Rxf1# 0-1

[Event "British Columbia-ch U20"]
[Site "Vancouver"]
[Date "2018.11.10"]
[Round "1.12"]
[White "Zhang, Andy"]
[Black "Madokoro, Aidan"]
[Result "1/2-1/2"]
[WhiteElo "1438"]
[BlackElo "1425"]
[PlyCount "89"]
[EventDate "2018.11.10"]
[EventType "swiss"]
[EventRounds "5"]
[EventCountry "CAN"]
[SourceTitle "EXT 2022"]
[Source "ChessBase"]
[SourceDate "2021.10.06"]
[SourceVersion "1"]
[SourceVersionDate "2021.10.06"]
[SourceQuality "1"]

1. Nf3 e6 2. g3 d5 3. d4 f5 4. c4 Nf6 5. Bg2 c6 6. 0-0 Bd6 7. Nbd2 0-0 8. a3 a5 9. b3 Qe8 10. Rb1 Na6 11. c5 Be7 12. b4 axb4 13. axb4 Nc7 14. Bb2 Qh5 15. h4 Ng4 16. Ne5 Nxe5 17. dxe5 g5 18. hxg5 Qxg5 19. e3 h5 20. Nf3 Qh6 21. Nh4 Bxh4 22. gxh4 Kf7 23. Bf3 Rg8+ 24. Kh2 Ke7 25. Rg1 Rxg1 26. Kxg1 Bd7 27. Kh2 Be8 28. Ra1 Rxa1 29. Qxa1 Bd7 30. Qg1 Be8 31. Qg5+ Qxg5 32. hxg5 Bg6 33. Kh3 Ne8 34. Kh4 Ng7 35. Be2 Kd7 36. b5 Kc7 37. Bc3 Kd7 38. Ba5 Kc8 39. Bb6 Kd7 40. Ba7 Kc8 41. bxc6 bxc6 42. Ba6+ Kc7 43. Bb6+ Kd7 44. Ba7 Kc7 45. Be2 1/2-1/2